| 000 | 00731cab a2200229 4500 | ||
|---|---|---|---|
| 001 | ABS42880 | ||
| 008 | 090401t1990 xxu||||| |||| 00| 0 eng d | ||
| 035 | _a(Sirsi) u39363 | ||
| 041 | _aeng | ||
| 100 | _aWorral, J. | ||
| 245 | _aCompeting for stakes in the European property market | ||
| 260 | _c1990 | ||
| 350 | _a0 | ||
| 490 |
_aCorporate Real Estate Europe _vJune 1990, 29-30(3) |
||
| 520 | _aExamines the various chartered surveying companies and institutions vying for a slice of the European property market in the lead up to the single market . | ||
| 650 | _aABOUT RICS-RICS MEMBERS | ||
| 650 | _aPROPERTY COMPANIES | ||
| 650 | _aRICS | ||
| 690 | _aEUROPE-SINGLE MARKET | ||
| 942 | _n0 | ||
| 948 | _c04/03/1997 | ||
| 999 |
_c25272 _d25272 |
||